000 00291nam a22001337a 4500
008 170413b xxu||||| |||| 00| 0 eng d
020 _a2900132339260
041 _aeng
080 _a612.39
100 _a10
101 _aSHM
245 _aINTRODUCTORY FOODS
_cBENNION, M
942 _2udc
_cBK
999 _c10689
_d10689